Cool - Gracie Abrams - Statistics

General Stats
  • This quiz has been taken 119 times
  • The average score is 344 of 394
Answer Stats
Hint Answer % Correct
be
97%
cool
97%
I
97%
Verse 1 | Verse 2 I'm
97%
you
97%
You
97%
your
97%
a
95%
A
95%
and
95%
I'll
95%
I'lll
95%
it
95%
of
95%
so
95%
the
95%
to
95%
can
92%
do
92%
for
92%
hell
92%
me
92%
me,
92%
never
92%
Bridge No,
92%
said
92%
up
92%
baby,
90%
breathe
90%
Breathe,
90%
hate
90%
maybe,
90%
on
90%
suck
90%
was
90%
way
90%
all
87%
All
87%
barely
87%
Post-Chorus Calm
87%
calm
87%
close
87%
could
87%
did
87%
down,
87%
down
87%
face,
87%
fits
87%
Fool,
87%
fool
87%
if
87%
just
87%
my
87%
not
87%
'round,
87%
'round
87%
same
87%
shoe
87%
spun
87%
Then
87%
they
87%
'til
87%
we
87%
with
87%
you're
87%
bet
85%
burn
85%
but
85%
fine
85%
fine,
85%
it's
85%
It's
85%
lied
85%
love
85%
met
85%
offended
85%
right,
85%
shit
85%
That
85%
that
85%
thought
85%
Thought
85%
walls
85%
are
82%
mind
82%
mind,
82%
Chorus Now
82%
picture
82%
silver
82%
superstar
82%
us
82%
actin'
79%
as
79%
between
79%
bored,
79%
couch
79%
in
79%
lining
79%
mascara,
79%
phony
79%
promised
79%
run
79%
sad,
79%
say
79%
Thank
79%
when
79%
wrong,
79%
after
77%
call,
77%
glass
77%
God
77%
hair,
77%
hands
77%
miss
77%
probably
77%
running
77%
talk
77%
too
77%
waste
77%
wine
77%
wouldn't
77%
back
74%
Cass
74%
change
74%
funny,
74%
out
74%
paint
74%
pretending
74%
Sarah
74%
somethin'
74%
this
74%
through
74%
time
74%
Yeah,
74%
yeah,
74%
you'd
74%
guess
72%
know
72%
look
72%
Sadie
72%
Waited
72%
wasn't
72%
what?
72%
Half
69%
lot
69%
much
69%
nothing
69%
real,
69%
Stay
69%
Thanks
69%
didn't,
67%
opened
67%
sight
67%
wish
67%
bombed
64%
Elle
64%
kick
64%
still
64%
stranded
64%
while,
64%
Dev
62%
Kill
62%
stole
56%
Stop,
56%
Well
56%
occupying
51%
No matching quizzes found
Score Distribution
Percent of People with Each Score
Percentile by Number Answered
Your Score History
You have not taken this quiz